Система ПАЗ вспомогательного котла на производстве метанола; Автоматика и программная инженерия; № 3(5)

Bibliografiset tiedot
Parent link:Автоматика и программная инженерия: научно-технический журнал
№ 3(5).— 2013.— [С. 7-11]
Yhteisötekijä: Национальный исследовательский Томский политехнический университет (ТПУ) Институт кибернетики (ИК) Кафедра автоматики и компьютерных систем (АИКС)
Muut tekijät: Бурмантов Д. Г. Дмитрий Геннадьевич, Пономарев А. А. Алексей Анатольевич, Коновалов В. И. Виктор Иванович, Кочегурова Е. А. Елена Алексеевна, Курганов В. В. Василий Васильевич
Yhteenveto:Заглавие с экрана
Предлагаются требования, которым должны удовлетворять системы ПАЗ технологических объектов. Представлена система ПАЗ, удовлетворяющая этим требованиям. Описаны функции ПАЗ вспомогательного котла, основные решения по информационному и программному обеспечению.
Kieli:venäjä
Julkaistu: 2013
Aiheet:
Linkit:http://jurnal.nips.ru/sites/default/files/АИПИ-3-2013-1_1.pdf
Aineistotyyppi: Elektroninen Kirjan osa
KOHA link:https://koha.lib.tpu.ru/cgi-bin/koha/opac-detail.pl?biblionumber=645930

MARC

LEADER 00000nla0a2200000 4500
001 645930
005 20250401110208.0
035 |a (RuTPU)RU\TPU\network\11035 
090 |a 645930 
100 |a 20160204d2013 k||y0rusy50 ca 
101 0 |a rus 
102 |a RU 
135 |a drcn ---uucaa 
181 0 |a i  
182 0 |a b 
200 1 |a Система ПАЗ вспомогательного котла на производстве метанола  |f Д. Г. Бурмантов [и др.] 
203 |a Текст  |c электронный 
300 |a Заглавие с экрана 
320 |a [Библиогр.: с. 11 (4 назв.)] 
330 |a Предлагаются требования, которым должны удовлетворять системы ПАЗ технологических объектов. Представлена система ПАЗ, удовлетворяющая этим требованиям. Описаны функции ПАЗ вспомогательного котла, основные решения по информационному и программному обеспечению. 
461 |t Автоматика и программная инженерия  |o научно-технический журнал 
463 |t № 3(5)  |v [С. 7-11]  |d 2013 
610 1 |a электронный ресурс 
610 1 |a труды учёных ТПУ 
610 1 |a противоаварийная защита 
610 1 |a распределенные системы 
610 1 |a АСУ ТП 
610 1 |a алгоритмы 
610 1 |a среда программирования 
701 1 |a Бурмантов  |b Д. Г.  |c российский ученый, специалист в области автоматики и компьютерных систем  |c старший научный сотрудник Томского политехнического университета  |f 1966-  |g Дмитрий Геннадьевич  |3 (RuTPU)RU\TPU\pers\27087  |9 12637 
701 1 |a Пономарев  |b А. А.  |c специалист в области информатики и вычислительной техники  |c доцент Томского политехнического университета, кандидат технических наук  |f 1979-  |g Алексей Анатольевич  |3 (RuTPU)RU\TPU\pers\25944 
701 1 |a Коновалов  |b В. И.  |c специалист в области вычислительной техники  |c доцент Томского политехнического университета, кандидат технических наук  |f 1945-  |g Виктор Иванович  |3 (RuTPU)RU\TPU\pers\26761 
701 1 |a Кочегурова  |b Е. А.  |c специалист в области информатики и вычислительной техники  |c доцент Томского политехнического университета, кандидат технических наук  |f 1958-  |g Елена Алексеевна  |3 (RuTPU)RU\TPU\pers\27090  |9 12640 
701 1 |a Курганов  |b В. В.  |c специалист в области информатики и вычислительной техники  |c доцент Томского политехнического университета, кандидат технических наук  |f 1964-  |g Василий Васильевич  |3 (RuTPU)RU\TPU\pers\26807  |9 12432 
712 0 2 |a Национальный исследовательский Томский политехнический университет (ТПУ)  |b Институт кибернетики (ИК)  |b Кафедра автоматики и компьютерных систем (АИКС)  |3 (RuTPU)RU\TPU\col\18698 
801 2 |a RU  |b 63413507  |c 20160204  |g RCR 
856 4 |u http://jurnal.nips.ru/sites/default/files/АИПИ-3-2013-1_1.pdf 
942 |c CF